[Event "Veliko Gradiste Silver Lake op"]
[Site "Veliko Gradiste"]
[Date "2019.06.21"]
[Round "7"]
[White "Volkov, Dmitry V"]
[Black "Zlatanovic, Boroljub"]
[Result "1/2-1/2"]
[WhiteElo "2206"]
[BlackElo "2393"]
[PlyCount "122"]
[EventDate "2019.06.16"]
[EventType "swiss"]
[EventRounds "9"]
[EventCountry "SRB"]
[SourceTitle "CBM 191 Extra"]
[Source "ChessBase"]
[SourceDate "2019.09.30"]
[SourceVersion "1"]
[SourceVersionDate "2019.09.30"]
[SourceQuality "1"]

1. d4 g6 2. e4 c6 3. Nf3 Bg7 4. Bd3 d6 5. 0-0 Nf6 6. Qe2 0-0 7. h3 Nbd7 8. e5 dxe5 9. dxe5 Nd5 10. a3 Nc5 11. Bc4 Nb6 12. Be3 Be6 13. Bxe6 Nxe6 14. c4 Qc7 15. Bxb6 Qxb6 16. Nc3 Rfd8 17. Rad1 Rxd1 18. Rxd1 Rd8 19. Rxd8+ Qxd8 20. Qe3 Qa5 21. g3 Qc5 22. Qe4 Qb6 23. b4 a5 24. c5 Qa7 25. Kg2 axb4 26. axb4 Qa3 27. Qc4 h6 28. h4 Qb2 29. Nd1 Qb1 30. Ne3 h5 31. Nc2 Nc7 32. Ng5 Nd5 33. Qe4 Bh6 34. e6 f5 35. Qd3 Bxg5 36. hxg5 h4 37. Kh2 hxg3+ 38. fxg3 Qb2 39. Qd2 Qe5 40. Nd4 f4 41. gxf4 Qe4 42. Kg3 Ne3 43. Kf2 Nc4 44. Qc3 Qxf4+ 45. Nf3 Qe4 46. Qd4 Qxe6 47. Qd8+ Kg7 48. Qd4+ Kh7 49. Qh4+ Kg8 50. Qd4 Qd5 51. Qxd5+ cxd5 52. b5 Kf7 53. b6 Ke6 54. c6 Nd6 55. cxb7 Nxb7 56. Nh4 Nc5 57. Nxg6 Kd6 58. Kf3 e5 59. Nh4 e4+ 60. Kf4 Ne6+ 61. Kf5 Nxg5 1/2-1/2

[Event "Veliko Gradiste Silver Lake op"]
[Site "Veliko Gradiste"]
[Date "2019.06.17"]
[Round "2"]
[White "Stankovic, Boris"]
[Black "Volkov, Dmitry V"]
[Result "1/2-1/2"]
[WhiteElo "1852"]
[BlackElo "2206"]
[PlyCount "102"]
[EventDate "2019.06.16"]
[EventType "swiss"]
[EventRounds "9"]
[EventCountry "SRB"]
[SourceTitle "CBM 191 Extra"]
[Source "ChessBase"]
[SourceDate "2019.09.30"]
[SourceVersion "1"]
[SourceVersionDate "2019.09.30"]
[SourceQuality "1"]

1. e4 e5 2. Nf3 Nf6 3. Nxe5 Nxe4 4. Qe2 Qe7 5. Qxe4 d6 6. Nc3 Qxe5 7. d4 Qxe4+ 8. Nxe4 d5 9. Nc3 c6 10. Bf4 Be7 11. Bd3 0-0 12. 0-0 Bf6 13. Rfe1 Be6 14. Ne2 Nd7 15. c3 Rfe8 16. b4 a5 17. a3 b6 18. Be3 Rec8 19. f4 Nf8 20. f5 Bd7 21. Ng3 Bh4 22. Bf2 Bg5 23. Nf1 Bf4 24. Bg3 Bxg3 25. hxg3 c5 26. Ne3 c4 27. Bc2 Bc6 28. b5 Bb7 29. Ng4 Re8 30. Kf2 f6 31. Rxe8 Rxe8 32. Re1 Kf7 33. Rxe8 Kxe8 34. Ne3 g6 35. g4 Ke7 36. Bd1 gxf5 37. gxf5 Kd6 38. Bf3 h6 39. Nxc4+ dxc4 40. Bxb7 Nh7 41. a4 Ng5 42. Kg3 Ke7 43. Kg4 Nf7 44. Bd5 Nd6 45. Kf4 Kf8 46. g4 Ke7 47. Be4 Kf7 48. Bf3 Ke7 49. Be2 Kd7 50. Ke3 Ke7 51. d5 Nb7 1/2-1/2

[Event "Nizhnij Novgorod Region-ch"]
[Site "Nizhnij Novgorod"]
[Date "2013.10.24"]
[Round "7"]
[White "Kudriashov, Alexander"]
[Black "Volkov, Dmitry V"]
[Result "1/2-1/2"]
[WhiteElo "2156"]
[BlackElo "2180"]
[PlyCount "56"]
[EventDate "2013.10.19"]
[EventType "swiss"]
[EventRounds "9"]
[EventCountry "RUS"]
[SourceTitle "EXT 2014"]
[Source "ChessBase"]
[SourceDate "2013.11.20"]
[SourceVersion "1"]
[SourceVersionDate "2013.11.20"]
[SourceQuality "1"]

1. e4 e5 2. Nf3 Nf6 3. Nxe5 Nxe4 4. Qe2 Qe7 5. Qxe4 d6 6. d4 dxe5 7. dxe5 Nc6 8. Nc3 Qxe5 9. Qxe5+ Nxe5 10. Bf4 Bd6 11. Bg3 Bf5 12. Bb5+ c6 13. 0-0-0 0-0-0 14. Rxd6 Rxd6 15. Bxe5 Re6 16. Bxg7 Rg8 17. Bc4 Rxg7 18. Bxe6+ fxe6 19. g3 Kd7 20. Re1 Rg4 21. f3 Rc4 22. Ne4 Ke7 23. c3 Ra4 24. a3 Ra5 25. Kd2 Rd5+ 26. Ke3 Bxe4 27. fxe4 Rh5 28. h4 Rh6 1/2-1/2

[Event "Nizhnij Novgorod Region-ch"]
[Site "Nizhnij Novgorod"]
[Date "2013.??.??"]
[Round "2"]
[White "Volkov, Dmitry V"]
[Black "Rozkov, Nikolai"]
[Result "0-1"]
[WhiteElo "2180"]
[BlackElo "2393"]
[PlyCount "74"]
[EventDate "2013.10.19"]
[EventType "swiss"]
[EventRounds "9"]
[EventCountry "RUS"]
[SourceTitle "EXT 2014"]
[Source "ChessBase"]
[SourceDate "2013.11.20"]
[SourceVersion "1"]
[SourceVersionDate "2013.11.20"]
[SourceQuality "1"]

1. d4 Nf6 2. Nf3 e6 3. c4 b6 4. g3 Ba6 5. Qa4 Bb7 6. Bg2 c5 7. 0-0 cxd4 8. Nxd4 Bxg2 9. Kxg2 Qc8 10. Nc3 Qb7+ 11. f3 Be7 12. e4 0-0 13. Be3 Rc8 14. Rfd1 a6 15. Qb3 d6 16. a4 Nbd7 17. Rac1 Ne5 18. Nb1 Rc7 19. Na3 Rac8 20. Rc3 h6 21. Bf2 Bf8 22. Ndc2 Nfd7 23. Ne3 f5 24. c5 Nxc5 25. Rxc5 bxc5 26. Qxe6+ Kh8 27. Nd5 fxe4 28. f4 Nd3 29. Rxd3 exd3 30. Nc4 Re7 31. Qf5 Re5 32. Nxe5 Qxd5+ 33. Kh3 dxe5 34. Qxc8 Kg8 35. Be3 exf4 36. Bxf4 a5 37. Bd2 Qh5+ 0-1

[Event "Nizhnij Novgorod op"]
[Site "Nizhnij Novgorod"]
[Date "2012.10.06"]
[Round "1"]
[White "Kudrin, Ivan"]
[Black "Volkov, Dmitry V"]
[Result "0-1"]
[WhiteElo "1887"]
[BlackElo "2162"]
[PlyCount "62"]
[EventDate "2012.10.06"]
[EventType "swiss"]
[EventRounds "9"]
[EventCountry "RUS"]
[SourceTitle "EXT 2013"]
[Source "ChessBase"]
[SourceDate "2012.11.22"]
[SourceVersion "1"]
[SourceVersionDate "2012.11.22"]
[SourceQuality "1"]

1. d4 d5 2. c4 e6 3. Nf3 Nf6 4. Nc3 Be7 5. e3 0-0 6. Bd3 dxc4 7. Bxc4 c5 8. 0-0 cxd4 9. exd4 a6 10. Bb3 b5 11. Re1 Bb7 12. Ne5 Nc6 13. d5 Nxe5 14. Rxe5 b4 15. dxe6 bxc3 16. exf7+ Kh8 17. Qe2 Bd6 18. Re3 c2 19. Rh3 Be4 20. Bg5 Rc8 21. Rc1 Bg6 22. Qxa6 Be5 23. Qe2 Bxb2 24. Rxc2 Bxc2 25. Bxc2 Qc7 26. Bb3 Qe5 27. Be3 Rc1+ 28. Bd1 Ra1 29. f4 Qd5 30. Qxb2 Qxd1+ 31. Kf2 Ne4# 0-1